[Event "SRI-ch U14"]
[Site "Nugegoda"]
[Date "2021.03.14"]
[Round "10"]
[White "Dinayana, Thinuga"]
[Black "Saravanabaavan, Brijeash"]
[Result "1/2-1/2"]
[WhiteElo "1167"]
[BlackElo "1611"]
[PlyCount "28"]
[EventDate "2021.03.09"]
[EventType "tourn"]
[EventRounds "11"]
[EventCountry "SRI"]
[SourceTitle "CBM 201 Extra"]
[Source "ChessBase"]
[SourceDate "2021.05.31"]
[SourceVersion "1"]
[SourceVersionDate "2021.05.31"]
[SourceQuality "1"]

1. d4 d5 2. Bf4 c5 3. e4 e6 4. Nc3 cxd4 5. Qxd4 Nc6 6. Bb5 Bd7 7. Bxc6 bxc6 8. Qe3 Qb6 9. exd5 Bc5 10. Qg3 Bxf2+ 11. Qxf2 Qxb2 12. Rb1 Qxc3+ 13. Bd2 Qxc2 14. Rc1 Qe4+ 1/2-1/2

[Event "SRI-ch U14"]
[Site "Nugegoda"]
[Date "2021.03.13"]
[Round "8"]
[White "Dinayana, Thinuga"]
[Black "Kolonne, KA Thisaja Senon"]
[Result "1/2-1/2"]
[WhiteElo "1167"]
[BlackElo "1215"]
[PlyCount "20"]
[EventDate "2021.03.09"]
[EventType "tourn"]
[EventRounds "11"]
[EventCountry "SRI"]
[SourceTitle "CBM 201 Extra"]
[Source "ChessBase"]
[SourceDate "2021.05.31"]
[SourceVersion "1"]
[SourceVersionDate "2021.05.31"]
[SourceQuality "1"]

1. d4 Nf6 2. Bf4 e6 3. e3 c5 4. c3 b6 5. Nf3 Bb7 6. Nbd2 cxd4 7. cxd4 Be7 8. h3 0-0 9. Be2 d6 10. 0-0 Nbd7 1/2-1/2

[Event "SRI-ch U14"]
[Site "Nugegoda"]
[Date "2021.03.11"]
[Round "5"]
[White "Gunawardhana, Devindya Oshini"]
[Black "Dinayana, Thinuga"]
[Result "1-0"]
[WhiteElo "1308"]
[BlackElo "1167"]
[PlyCount "119"]
[EventDate "2021.03.09"]
[EventType "tourn"]
[EventRounds "11"]
[EventCountry "SRI"]
[SourceTitle "CBM 201 Extra"]
[Source "ChessBase"]
[SourceDate "2021.05.31"]
[SourceVersion "1"]
[SourceVersionDate "2021.05.31"]
[SourceQuality "1"]

1. e4 d6 2. d4 Nf6 3. Bd3 Nbd7 4. Nc3 e5 5. Nf3 Be7 6. h3 h6 7. Be3 c6 8. Qd2 Qc7 9. d5 Nf8 10. Ne2 Bd7 11. c4 Ng6 12. Ng3 Qc8 13. Nf5 Bxf5 14. exf5 Nf8 15. Rc1 e4 16. Bxe4 Nxe4 17. Qd4 Nf6 18. 0-0 N8d7 19. Rfe1 c5 20. Qd2 Ne4 21. Qc2 Ndf6 22. Nd2 Nxd2 23. Bxd2 Qd7 24. Re3 0-0 25. Bc3 b5 26. Rce1 Bd8 27. b3 Re8 28. Qd3 Rxe3 29. Rxe3 b4 30. Bb2 Nh7 31. Rg3 Bf6 32. Bc1 Kf8 33. Qf3 Ke8 34. Qh5 Kd8 35. Bxh6 gxh6 36. Rg8+ Nf8 37. Rxf8+ Kc7 38. Rxa8 Kb6 39. Rf8 Qe7 40. Qxh6 Bg5 41. Re8 Qxe8 42. Qxg5 Qe1+ 43. Kh2 Kc7 44. Qe3 Qxe3 45. fxe3 a5 46. h4 a4 47. h5 axb3 48. axb3 Kd7 49. h6 Ke7 50. h7 Kf6 51. h8Q+ Kxf5 52. Qh3+ Ke4 53. Qf3+ Kd3 54. e4+ Kc2 55. e5 dxe5 56. d6 e4 57. Qe3 f5 58. d7 f4 59. Qxe4+ Kxb3 60. d8Q 1-0